000668028 001__ 668028 000668028 005__ 20221026105258.0 000668028 037__ $$aRWTH-2016-06538 000668028 041__ $$aEnglish 000668028 1001_ $$0P:(DE-82)070088$$aDiefenthal, Mathias$$b0 000668028 1112_ $$a15. International Symposium on Transport Phenomena and Dynamics of Rotating Machinery$$cHonolulu, HI$$d2014-02-24 - 2014-02-28$$gISROMAC 2014$$wUSA 000668028 245__ $$aExperimental and Numerical Investigation of Temperature Fields in a Radial Turbine Wheel$$hdata medium 000668028 260__ $$c2014 000668028 29510 $$a[15th International Symposium on Transport Phenomena and Dynamics of Rotating Machinery, ISROMAC-15, 24.02.2014-28.02.2014, Honolulu, HI, USA] 000668028 3367_ $$2ORCID$$aCONFERENCE_PAPER 000668028 3367_ $$033$$2EndNote$$aConference Paper 000668028 3367_ $$2BibTeX$$aINPROCEEDINGS 000668028 3367_ $$2DRIVER$$aconferenceObject 000668028 3367_ $$2DataCite$$aOutput Types/Conference Paper 000668028 3367_ $$0PUB:(DE-HGF)8$$2PUB:(DE-HGF)$$aContribution to a conference proceedings$$bcontrib$$mcontrib 000668028 653_7 $$aradial turbine 000668028 653_7 $$aheat transfer 000668028 653_7 $$aexperiment 000668028 653_7 $$anumeric 000668028 7001_ $$0P:(DE-82)030756$$aTadesse, Hailu$$b1 000668028 7001_ $$0P:(DE-82)IDM00706$$aRakut, Christian$$b2$$urwth 000668028 7001_ $$0P:(DE-82)IDM00645$$aWirsum, Manfred$$b3$$urwth 000668028 7001_ $$0P:(DE-82)053043$$aHeuer, Tom$$b4 000668028 7870_ $$0RWTH-2016-04183$$iRelatedTo 000668028 909CO $$ooai:publications.rwth-aachen.de:668028$$pVDB 000668028 9101_ $$0I:(DE-588b)36225-6$$6P:(DE-82)IDM00645$$aRWTH Aachen$$b3$$kRWTH 000668028 9141_ $$y2014 000668028 9151_ $$0StatID:(DE-HGF)0031$$2StatID$$aPeer reviewed article$$x0 000668028 9201_ $$0I:(DE-82)412510_20140620$$k412510$$lLehrstuhl für Kraftwerkstechnik, Dampf- und Gasturbinen und Institut für Dampf- und Gasturbinen$$x0 000668028 961__ $$c2016-08-31T12:06:31.633102$$x2016-08-31T12:06:31.633102$$z2016-08-31 000668028 980__ $$acontrib 000668028 980__ $$aUNRESTRICTED 000668028 980__ $$aVDB 000668028 980__ $$aI:(DE-82)412510_20140620